Freckleface strawberry / (Record no. 113748)
[ view plain ]
| 000 -LEADER | |
|---|---|
| fixed length control field | 00483nam a2200169 a 4500 |
| 001 - CONTROL NUMBER | |
| control field | 0664 |
| 005 - DATE AND TIME OF LATEST TRANSACTION | |
| control field | 20140414132037.0 |
| 008 - FIXED-LENGTH DATA ELEMENTS--GENERAL INFORMATION | |
| fixed length control field | 040915s19uu xx 00 eng d |
| 020 ## - INTERNATIONAL STANDARD BOOK NUMBER | |
| International Standard Book Number | 0-590-47905-9 |
| 050 ## - LIBRARY OF CONGRESS CALL NUMBER | |
| Classification number | TR |
| Item number | Fr87 2007 |
| 100 ## - MAIN ENTRY--PERSONAL NAME | |
| Personal name | Moore, Julianne |
| 245 ## - TITLE STATEMENT | |
| Title | Freckleface strawberry / |
| Statement of responsibility, etc | Written and illustrated by Bruce McMillan. |
| 260 ## - PUBLICATION, DISTRIBUTION, ETC. (IMPRINT) | |
| Place of publication, distribution, etc | New York : |
| Name of publisher, distributor, etc | Scholastic, |
| Date of publication, distribution, etc | 2007. |
| 500 ## - GENERAL NOTE | |
| General note | English and Spanish |
| 650 ## - SUBJECT ADDED ENTRY--TOPICAL TERM | |
| Topical term or geographic name as entry element | Senses |
| General subdivision | Juvenile literature. |
| Withdrawn status | Lost status | Damaged status | Use restrictions | Home library | Current library | Shelving location | Date acquired | Source of acquisition | Total Checkouts | Full call number | Barcode | Date last seen | Price effective from | Koha item type |
|---|---|---|---|---|---|---|---|---|---|---|---|---|---|---|
| Munich Library | Munich Library | Teachers Reference Section | 09/15/2004 | TR Fr87 2007 | M5377 | 04/14/2014 | 04/14/2014 | Books |